| 000 | 00469nam a2200145 4500 | ||
|---|---|---|---|
| 999 |
_c512996 _d512996 |
||
| 008 | 200108b ||||| |||| 00| 0 eng d | ||
| 100 |
_aMisra, Ambujesh Kumar _915199 |
||
| 245 | _aBharat mei ganthabandhan sarkaro ki rajniti: Nutan paripekshy | ||
| 260 | _bLok Prashasan | ||
| 300 | _a11(2), Jul-Dec, 2019: p.131-138. | ||
| 650 |
_aIndia - Politics and government _915200 |
||
| 773 | _aLok Prashasan | ||
| 906 | _aCoalition governments - India | ||
| 942 |
_2ddc _cAR |
||